000 00353nam a2200181Ia 4500
001 11552
003 GE_BSU
008 181216s||||||||xx |||||||||||||| ||und||
040 _cGE_BSU
100 _aSteel,Danielle
245 _aDaddy
260 _aLondon
260 _bBCA
260 _c1991
300 _a314p;21cm.
653 _aDaddy
942 _cBK
999 _c44747
_d44747